Odhad parametrov modelu logistickej regresie metódou maximálnej vierohodnosti
Výklad problematiky spojenej s logistickými modelami s binárnou závislou premennou. Model binárnej logistickej regresie. Problémy s odhadmi parametrov metódou maximálnej vierohodnosti. Odhad parametrov modelu logistickej regresie. Stratégia tvorby modelu logistickej regresie. Modelovanie prideľovani...
Salvato in:
| Autore principale: | |
|---|---|
| Natura: | Capitolo di libro |
| Lingua: | slovacco |
| Soggetti: | |
| Tags: |
Nessun Tag, puoi essere il primo ad aggiungerne!!
|
MARC
| LEADER | 00000naa$a2200000$$$4500 | ||
|---|---|---|---|
| 001 | 0088537 | ||
| 005 | 20220715093815.6 | ||
| 041 | 0 | |a slo | |
| 044 | |a SK | ||
| 245 | 1 | 0 | |a Odhad parametrov modelu logistickej regresie metódou maximálnej vierohodnosti |c Iveta Stankovičová |
| 520 | |a Výklad problematiky spojenej s logistickými modelami s binárnou závislou premennou. Model binárnej logistickej regresie. Problémy s odhadmi parametrov metódou maximálnej vierohodnosti. Odhad parametrov modelu logistickej regresie. Stratégia tvorby modelu logistickej regresie. Modelovanie prideľovania úverov pomocou logistickej regresie. Úplná a kvázi-úplná separácia dát. SAS systém. | ||
| 610 | 2 | 0 | |a metódy štatistické |
| 610 | 2 | 0 | |a modely logistické |
| 610 | 2 | 0 | |a regresia |
| 610 | 2 | 0 | |a úver |
| 610 | 2 | 0 | |a štatistika |
| 100 | 1 | |a Stankovičová, Iveta | |